| 000 | 00713nam a2200229Ia 4500 | ||
|---|---|---|---|
| 003 | OSt | ||
| 005 | 20220918193153.0 | ||
| 006 | a|||||r|||| 00| 0 | ||
| 007 | ta | ||
| 008 | 220917b |||||||| |||| 00| 0 eng d | ||
| 024 | _a72,127 | ||
| 037 | _cTextual | ||
| 040 |
_aARTS _cARTS _beng |
||
| 041 |
_2eng _aeng |
||
| 082 | _aR6xHs, 111D4-;1ER | ||
| 100 |
_aMadhava Acharya _981148 |
||
| 245 | 0 | _aSarva Darshana Samgraha or review of the different systems of Hindu philosophy tr by E B Cowell and A E Cough | |
| 260 |
_aVaranasi _bChowkhamba Sanskrit series _c1904 |
||
| 650 | _aINDIAN PHILOSOPHY | ||
| 942 |
_hR6xHs, 111D4-;1ER _cTEXL _2CC |
||
| 999 |
_c198138 _d198138 |
||